Score 0/23 Timer 10:00
0 Plays Today
Hint Answer % Correct
Superhero Little Girls [1998-05]Powerpuff Girls
93.3%
Superhero Little Girls reboot [2016-Now]Powerpuff Girls
93.3%
Boy with alien watch [2005-08]Ben 10
87.6%
Boy with alien watch reboot [2016-Now]Ben 10
87.6%
Adventure Series [2010-Now]Adventure Time
82%
Gems [2013-Now]Steven Universe
75.3%
Teenage superhero group [2003-06]Teen Titans
73%
3 Bears fitting in [2015-Now]We Bare Bears
71.9%
Muscular Play boy [1997-04]Johnny Bravo
67.4%
Teenage superhero group reboot [2013-Now]Teen Titans Go
67.4%
Genius Boy [1996-03]Dexters Laboratory
62.9%
Teenager with alien watch [2008-10]Ben 10 Alien Force
59.6%
Hint Answer % Correct
Imaginary Friends House [2004-09]Fosters Home for imaginary friends
58.4%
3 Goofy Friends [1999-09]Ed, Edd n Eddy
53.9%
Magical Swords [2016-Now]Mighty Magiswords
52.8%
Two wacky animals [1997-99]Cow and Chicken
51.7%
Man in Rv helping children [2013-17]Uncle Grandpa
49.4%
Teenager with alien watch [2010-12]Ben 10 Ultimate Alien
48.3%
Spy Kids [2002-08]Codename Kids next door
47.2%
Superhero Shop Workers [2017-Now]O.K K.O
46.1%
Future Ninja [2001-04]Samurai Jack
44.9%
Different styles [2011-Now]The Amazing World of Gumball
37.1%
Stroke of life [2014-Now]Clarence
34.8%
Remove Ads.
Support Sporcle.
Get the best of Sporcle when you Go Orange. This ad-free experience offers more features, more stats, and more fun while also helping to support Sporcle. Thank you for becoming a member.

You're not logged in!

Compare scores with friends on all Sporcle quizzes.
OR
Log In

Sporcle TV

Today on Sporcle TV


Watch our educational content, quiz creation guides, and fun videos on Sporcle TV.

Show Comments

Extras

Top Quizzes Today


Score Distribution

Paid Content

Your Account Isn't Verified!

In order to create a playlist on Sporcle, you need to verify the email address you used during registration. Go to your Sporcle Settings to finish the process.

Report this User

Report this user for behavior that violates our Community Guidelines.

Details: